Statistiques concernant Drapeaux des pays commençant par P

Cliquez ici pour prendre le quiz!

Statistiques générales

  • Ce quiz a été pris 130 fois
  • Le résultat moyen est 9 sur 10

Statistiques - réponses

Réponse% Correct
Portugal
98%
Pologne
97%
Pakistan
95%
Pays-Bas
95%
Panama
91%
Pérou
91%
Philippines
84%
Paraguay
83%
Papouasie-Nouvelle-Guinée
75%
Palaos
73%

Distribution des résultats

Percentile par nombre de réponses

% des personnes avec chaque résultat

Votre développement - résultats

Vous n’avez pas pris ce quiz